| 000 | 00715nam a2200265Ia 4500 | ||
|---|---|---|---|
| 001 | 1976 | ||
| 005 | 20240113233523.0 | ||
| 007 | ta | ||
| 008 | 050218s1930 a g b000 u ben u | ||
| 020 | _cHB | ||
| 040 | _aCotton College,Assam | ||
| 041 | _aben | ||
| 082 |
_a491.2 _bEn |
||
| 100 | _aRopmay, Sahib . | ||
| 245 | 0 |
_aEnglish-Khasi Dictionary / _cDohory Ropmay. _hTextual Documents |
|
| 250 | _a1st ed. / | ||
| 260 |
_aGuwahati : _bGovt. of Assam , _c1930. |
||
| 300 |
_a542p. : _bill ; _c23cm . |
||
| 653 | _aDictionaries-English Khasi | ||
| 653 | _aEnglish language-Dictionaries-Khasi | ||
| 653 | _aReference-Dictionaries | ||
| 942 |
_2ddc _cBK |
||
| 999 |
_c1969 _d1969 |
||